000 00425nam a2200145Ia 4500
008 100204s9999 xx 000 0 und d
082 _b13274
100 _aपाटील वसंत केशव
245 _aछप्पर
260 _b"प्रतिमाा प्रकाशन , पुणे 30"
_c1990
300 _a172
630 _aछप्पर
730 _aछप्पर
942 _cBOOK
999 _c457706
_d457703